| 000 | 00599cam a22001935a 4500 | ||
|---|---|---|---|
| 001 | L155494 | ||
| 008 | 120326s1812 xxk f 000 0 eng d | ||
| 035 | _a(Sirsi) u155494 | ||
| 041 | 0 | _aeng | |
| 100 | 1 |
_aHutton, Charles _d1737-1823 |
|
| 245 | 0 | 2 |
_aA treatise on mensuration _bboth in theory and practice |
| 250 | _a4th ed., with many additions | ||
| 260 |
_aLondon _bF. C. & J. Rivington _c1812 |
||
| 300 |
_axvi, 530 p. _bpl., tab., diagr _c22 cm. |
||
| 583 |
_aCondition reviewed _c20120620 _lcondition level 1 |
||
| 651 | 4 |
_aGreat Britain _y1707- |
|
| 690 |
_aMeasurement _96256 |
||
| 942 | _n0 | ||
| 999 |
_c113606 _d113606 |
||